Statistics for Lil Pump "Lil Pump" Tracklist

Click here to take the quiz!

General Stats

  • This quiz has been taken 111 times
  • The average score is 6 of 15

Answer Stats

Featured Artist(s)Song% Correct
Gucci Gang
95%
Boss
64%
D Rose
60%
Molly
55%
2 ChainzIced Out
44%
Rick Ross & SmokepurppPinky Ring
40%
Flex Like Ouu
37%
SmokepurppWhat U Sayin'
35%
SmokepurppSmoke My Dope
33%
Lil YachtyBack
32%
Crazy
31%
Gucci ManeYoungest Flexer
31%
Chief KeefWhitney
31%
At the Door
25%
Foreign
23%

Score Distribution

Percentile by Number Answered

Percent of People with Each Score

Your Score History

You have not taken this quiz